El problema de la organización política de México / (Record no. 69757)

MARC details
000 -LEADER
campo de control de longitud fija 00446nam a2200145 i 4500
001 - NÚMERO DE CONTROL
campo de control 69757
003 - IDENTIFICADOR DE NÚMERO DE CONTROL
campo de control ES-MaACL
005 - FECHA Y HORA DE LA ÚLTIMA TRANSACCIÓN
campo de control 20230906170616.0
007 - CAMPO FIJO DE DESCRIPCIÓN FÍSICA--INFORMACIÓN GENERAL
campo de control de longitud fija t|
008 - DATOS DE LONGITUD FIJA--INFORMACIÓN GENERAL
campo de control de longitud fija 040709s1909 mx ||||1| spa d
100 1# - ENTRADA PRINCIPAL--NOMBRE DE PERSONA
Nombre de persona García Granados, Ricardo.
9 (RLIN) 54723
245 13 - MENCIÓN DEL TÍTULO
Título El problema de la organización política de México /
Mención de responsabilidad, etc. Ricardo García Granados.
260 ## - PUBLICACIÓN, DISTRIBUCIÓN, ETC.
Lugar de publicación, distribución, etc. México :
Nombre del editor, distribuidor, etc. [s.n.,
Fecha de publicación, distribución, etc. 1909] (
Fabricante Tipografía Económica)
852 ## - LOCALIZACIÓN
Ubicación ES-MaACL
Número de control de estantería 1563-F-10
Holdings
Estatus retirado Estado de pérdida Estado de daño No para préstamo Colección Biblioteca de origen Biblioteca actual Ubicación en estantería Fecha de adquisición Fuente de adquisición Total de préstamos Signatura topográfica completa Código de barras Visto por última vez Precio de reemplazo Tipo de ítem Koha
        Colección de folletos Biblioteca del Ateneo de Madrid Biblioteca del Ateneo de Madrid Depósito folletos 17/01/2008     1563-F-10 1073045 23/02/2023 23/02/2023 Folleto